000 00722nam a2200181Ia 4500
008 090124s9999 xx 000 0 und d
082 _b31438
_a1830
100 _aनूलकर व. कृ.
245 _a प्रपंचसार (श्रीमद् आद्य शंकराचार्य कृत)
250 _a1
260 _c2001
300 _a672
600 _aनूलकर व. कृ.
630 _a प्रपंचसार (श्रीमद् आद्य शंकराचार्य कृत)
700 _aनूलकर व. कृ.
730 _a प्रपंचसार (श्रीमद् आद्य शंकराचार्य कृत)
942 _cBOOK
999 _c144917
_d144917